[Event "Campeonato de España Universitario 2006"]
[Site "Madrid ESP "]
[Date "2006.05.06"]
[Round "1.1"]
[White "Macias Ojeda, Antonio"]
[Black "Perez Candelario, Manuel"]
[Result "0-1"]
[WhiteElo "2112"]
[BlackElo "2511"]
[PlyCount "56"]
[EventDate "2006.05.06"]
[EventType "swiss"]
[EventRounds "9"]
[EventCountry "ESP"]
[Source "lmi"]
[SourceDate "2006.05.10"]

1. e4 e5 2. f4 exf4 3. Nf3 g5 4. Bc4 Bg7 5. O-O d6 6. d4 h6 7. g3 Bh3 8. Rf2
Nc6 9. gxf4 g4 10. c3 gxf3 11. Qxf3 Qh4 12. e5 Nge7 13. d5 Nd8 14. exd6 cxd6
15. Nd2 Rg8 16. Kh1 Qg4 17. Qxg4 Bxg4 18. Ne4 Kd7 19. Bd2 f5 20. Ng3 h5 21. Re1
a6 22. h3 Bxh3 23. Nxh5 Bh8 24. Rfe2 Ng6 25. Ng3 Bg4 26. Re3 Bf6 27. a4 Rc8 28.
Bb3 Rc7 0-1

[Event "Campeonato de España Universitario 2006"]
[Site "Madrid ESP "]
[Date "2006.05.06"]
[Round "1.2"]
[White "Herraiz Hidalgo, Herminio"]
[Black "Moya Palma, David"]
[Result "1-0"]
[WhiteElo "2492"]
[BlackElo "2107"]
[PlyCount "39"]
[EventDate "2006.05.06"]
[EventType "swiss"]
[EventRounds "9"]
[EventCountry "ESP"]
[Source "lmi"]
[SourceDate "2006.05.10"]

1. d4 Nf6 2. c4 e5 3. dxe5 Ng4 4. Bf4 Nc6 5. Nf3 Bb4+ 6. Nbd2 f6 7. exf6 Qxf6
8. e3 Qxb2 9. Be2 O-O 10. O-O d6 11. Nb3 Nge5 12. Nfd4 Nxd4 13. Nxd4 Bc3 14.
Rb1 Qxa2 15. Nb5 Qa5 16. Qb3 Bd2 17. Ra1 Qb4 18. Qa2 Rxf4 19. exf4 a6 20. Rfb1
1-0

[Event "Campeonato de España Universitario 2006"]
[Site "Madrid ESP "]
[Date "2006.05.06"]
[Round "1.3"]
[White "Jimenez Lopez, Antonio"]
[Black "Ibarra Jerez, Jose Carlos"]
[Result "0-1"]
[WhiteElo "2106"]
[BlackElo "2445"]
[PlyCount "60"]
[EventDate "2006.05.06"]
[EventType "swiss"]
[EventRounds "9"]
[EventCountry "ESP"]
[Source "lmi"]
[SourceDate "2006.05.10"]

1. e4 c5 2. Nf3 e6 3. d3 Nc6 4. Nbd2 d5 5. g3 Nge7 6. Bg2 g6 7. O-O Bg7 8. c3
O-O 9. Re1 Qc7 10. Qe2 b6 11. h4 h6 12. e5 f6 13. exf6 Rxf6 14. Nf1 Rf7 15. Bf4
Rxf4 16. gxf4 Qxf4 17. Qe3 Qf6 18. Ng3 Bd7 19. h5 g5 20. Nh2 Rf8 21. Bh3 Kh8
22. Re2 Nf5 23. Nxf5 exf5 24. Qd2 d4 25. c4 g4 26. Bg2 f4 27. Bd5 Ne5 28. Kh1
Qh4 29. Rg1 Qxh5 30. Qe1 Nxd3 0-1

[Event "Campeonato de España Universitario 2006"]
[Site "Madrid ESP "]
[Date "2006.05.06"]
[Round "1.4"]
[White "Reinaldo Castiñeira, Roi"]
[Black "Mateos Gomez, Juan Francisco"]
[Result "1-0"]
[WhiteElo "2441"]
[BlackElo "2105"]
[PlyCount "73"]
[EventDate "2006.05.06"]
[EventType "swiss"]
[EventRounds "9"]
[EventCountry "ESP"]
[Source "lmi"]
[SourceDate "2006.05.10"]

1. c4 g6 2. Nc3 Bg7 3. g3 Nf6 4. Bg2 O-O 5. Nf3 d6 6. O-O e5 7. d3 a5 8. a3 Na6
9. Rb1 Nc5 10. b4 Ne6 11. b5 Nd7 12. Nd2 f5 13. Nd5 Kh8 14. Bb2 Nf6 15. f4 Nh5
16. e3 c6 17. bxc6 bxc6 18. Nc3 Rb8 19. Ba1 Rxb1 20. Qxb1 exf4 21. gxf4 g5 22.
Ne2 Qc7 23. Kh1 Bb7 24. fxg5 Nxg5 25. Nf3 Nf7 26. Nfd4 Rg8 27. Rxf5 Be5 28.
Rxh5 Qd7 29. Be4 Ng5 30. Rxg5 Rxg5 31. Nf3 Rh5 32. Nxe5 dxe5 33. Ng3 Rg5 34.
Qf1 Qe7 35. Bc3 Qxa3 36. Qf6+ Rg7 37. Qd8+ 1-0

[Event "Campeonato de España Universitario 2006"]
[Site "Madrid ESP "]
[Date "2006.05.06"]
[Round "1.5"]
[White "Cabrero de Cabo, Miguel"]
[Black "Llanes Hurtado, Miguel"]
[Result "0-1"]
[WhiteElo "2102"]
[BlackElo "2435"]
[PlyCount "82"]
[EventDate "2006.05.06"]
[EventType "swiss"]
[EventRounds "9"]
[EventCountry "ESP"]
[Source "lmi"]
[SourceDate "2006.05.10"]

1. e4 c5 2. Nc3 Nc6 3. g3 g6 4. Bg2 Bg7 5. d3 Rb8 6. Be3 d6 7. a4 a6 8. Qd2 b5
9. axb5 axb5 10. Nf3 b4 11. Nd1 Nd4 12. Qc1 b3 13. Nxd4 cxd4 14. Bd2 bxc2 15.
Qxc2 Nf6 16. Qa4+ Bd7 17. Qxd4 O-O 18. Bc3 Bb5 19. O-O e5 20. Qe3 d5 21. Ba5
Qd6 22. Nc3 dxe4 23. Nxb5 Rxb5 24. dxe4 Rxb2 25. Rfd1 Qe6 26. h3 Rfb8 27. Rd8+
Rxd8 28. Bxd8 Rb8 29. Bc7 Rc8 30. Ba5 Bf8 31. Rc1 Rc4 32. Bc7 Bc5 33. Qd2 Bd4
34. Rxc4 Qxc4 35. Bd8 Nd7 36. Kh2 Nf8 37. Bf6 Qc6 38. Be7 Ne6 39. f4 exf4 40.
gxf4 Qc7 41. Qb4 Qxf4+ 0-1

[Event "Campeonato de España Universitario 2006"]
[Site "Madrid ESP "]
[Date "2006.05.06"]
[Round "1.6"]
[White "Alcazar Jimenez, Victor"]
[Black "Roig Aguilar, Alejandro"]
[Result "0-1"]
[WhiteElo "2423"]
[BlackElo "2101"]
[PlyCount "70"]
[EventDate "2006.05.06"]
[EventType "swiss"]
[EventRounds "9"]
[EventCountry "ESP"]
[Source "lmi"]
[SourceDate "2006.05.10"]

1. e4 c5 2. Nf3 d6 3. d4 cxd4 4. Nxd4 Nf6 5. Nc3 g6 6. Be3 Bg7 7. Qd2 O-O 8. f3
Nc6 9. O-O-O d5 10. Kb1 Nxd4 11. e5 Nd7 12. Bxd4 Nxe5 13. Qe1 Qd6 14. f4 Nc6
15. Bxg7 Kxg7 16. Nxd5 Bg4 17. Be2 Bxe2 18. Qxe2 Qc5 19. Rhe1 e6 20. Nc3 Rfd8
21. Ne4 Qe7 22. Qf3 Rac8 23. Qc3+ Nd4 24. Qa5 b6 25. Qa6 Nxc2 26. Rxd8 Qxd8 27.
Rc1 Rc7 28. Qb5 f6 29. Nc3 Nd4 30. Qd3 Nc6 31. Qe4 Nd4 32. Rd1 Rd7 33. g4 Nb5
34. Rxd7+ Qxd7 35. Nxb5 Qd1# 0-1

[Event "Campeonato de España Universitario 2006"]
[Site "Madrid ESP "]
[Date "2006.05.06"]
[Round "1.7"]
[White "Martinez Piqueras, Carlos"]
[Black "Franco Alonso, Alejandro"]
[Result "0-1"]
[WhiteElo "2100"]
[BlackElo "2421"]
[PlyCount "62"]
[EventDate "2006.05.06"]
[EventType "swiss"]
[EventRounds "9"]
[EventCountry "ESP"]
[Source "lmi"]
[SourceDate "2006.05.10"]

1. e4 c5 2. Nf3 e6 3. d3 Nc6 4. g3 d5 5. Nbd2 Bd6 6. Bg2 Nge7 7. O-O O-O 8. Re1
Qc7 9. a4 Bd7 10. c3 a6 11. Qe2 f6 12. Nf1 d4 13. h4 e5 14. N1h2 b5 15. axb5
axb5 16. Rxa8 Rxa8 17. h5 Ra2 18. Qd1 Be6 19. Bh3 Qd7 20. Bxe6+ Qxe6 21. Nh4
dxc3 22. bxc3 b4 23. cxb4 cxb4 24. Nf5 Bc5 25. Be3 Bxe3 26. Nxe3 Nd4 27. Nc4
Nec6 28. Kg2 h6 29. Qg4 Qxg4 30. Nxg4 b3 31. Rb1 Nb4 0-1

[Event "Campeonato de España Universitario 2006"]
[Site "Madrid ESP "]
[Date "2006.05.06"]
[Round "1.9"]
[White "Sierra Canosa, Francisco"]
[Black "Gonzalez Menendez, Ivan"]
[Result "0-1"]
[WhiteElo "2096"]
[BlackElo "2413"]
[PlyCount "38"]
[EventDate "2006.05.06"]
[EventType "swiss"]
[EventRounds "9"]
[EventCountry "ESP"]
[Source "lmi"]
[SourceDate "2006.05.10"]

1. e4 e6 2. d4 d5 3. Nd2 Nf6 4. e5 Nfd7 5. Ngf3 c5 6. dxc5 Nc6 7. Bb5 Bxc5 8.
O-O O-O 9. c3 Ndxe5 10. Bxc6 Nxf3+ 11. Nxf3 bxc6 12. Nd4 Qb6 13. b3 e5 14. Nf3
Ba6 15. Nxe5 Bxf1 16. Nd7 Qb5 17. Nxf8 Be2 18. c4 Bxd1 19. cxb5 Bxf8 0-1

[Event "Campeonato de España Universitario 2006"]
[Site "Madrid ESP "]
[Date "2006.05.06"]
[Round "1.10"]
[White "Baron Rodriguez, Jesus"]
[Black "Torrenta Planas, Marcel"]
[Result "1-0"]
[WhiteElo "2402"]
[BlackElo "2079"]
[PlyCount "31"]
[EventDate "2006.05.06"]
[EventType "swiss"]
[EventRounds "9"]
[EventCountry "ESP"]
[Source "lmi"]
[SourceDate "2006.05.10"]

1. e4 e5 2. Nf3 Nf6 3. d4 Nxe4 4. Bd3 d5 5. Nxe5 Be7 6. O-O O-O 7. c4 c5 8.
cxd5 Qxd5 9. Re1 Nxf2 10. Kxf2 Qxd4+ 11. Kf1 Bh4 12. Re3 Bf5 13. Nf3 Bxd3+ 14.
Qxd3 Qf6 15. Nc3 Rd8 16. Nd5 1-0

[Event "Campeonato de España Universitario 2006"]
[Site "Madrid ESP "]
[Date "2006.05.06"]
[Round "1.11"]
[White "Medina Menendez, Eduardo"]
[Black "Martinez Martin, David"]
[Result "0-1"]
[WhiteElo "2071"]
[BlackElo "2397"]
[PlyCount "94"]
[EventDate "2006.05.06"]
[EventType "swiss"]
[EventRounds "9"]
[EventCountry "ESP"]
[Source "lmi"]
[SourceDate "2006.05.10"]

1. e4 c5 2. Nf3 d6 3. d4 Nf6 4. Nc3 cxd4 5. Nxd4 g6 6. Bb5+ Bd7 7. Qe2 Bg7 8.
Be3 Nc6 9. Bxc6 bxc6 10. h3 O-O 11. O-O c5 12. Nf3 Rb8 13. e5 dxe5 14. Bxc5
Rxb2 15. Ba3 Rb8 16. Rab1 Rxb1 17. Rxb1 e4 18. Ne5 Qa5 19. Nxd7 Qxa3 20. Nxf6+
exf6 21. Nxe4 f5 22. Ng5 Qxa2 23. Rb7 a5 24. Qd3 Qa1+ 25. Kh2 Qe5+ 26. g3 f4
27. Rb5 fxg3+ 28. fxg3 Qc3 29. Qxc3 Bxc3 30. Ne4 Be1 31. Rb1 Bb4 32. c3 Be7 33.
Rb7 Re8 34. Kg2 f5 35. Nf2 a4 36. Ra7 a3 37. Nd3 Bf8 38. Nb4 Re2+ 39. Kf3 Rf2+
40. Kxf2 Bc5+ 41. Kf3 Bxa7 42. g4 Bc5 43. Na2 Kf7 44. gxf5 gxf5 45. Nc1 Ke6 46.
c4 Ke5 47. Nb3 a2 0-1

[Event "Campeonato de España Universitario 2006"]
[Site "Madrid ESP "]
[Date "2006.05.06"]
[Round "1.12"]
[White "Baches Garcia, Guillermo"]
[Black "Caravaca Aguirre, Antonio"]
[Result "1-0"]
[WhiteElo "2379"]
[BlackElo "2059"]
[PlyCount "111"]
[EventDate "2006.05.06"]
[EventType "swiss"]
[EventRounds "9"]
[EventCountry "ESP"]
[Source "lmi"]
[SourceDate "2006.05.10"]

1. e4 c5 2. Nf3 Nc6 3. d4 cxd4 4. Nxd4 g6 5. c4 Bg7 6. Nc2 Nf6 7. Nc3 O-O 8.
Be2 d6 9. O-O Bd7 10. Be3 Rc8 11. f3 Ne5 12. b3 a5 13. Qd2 Bc6 14. Rab1 b6 15.
Nd4 Ba8 16. Ndb5 Nfd7 17. Rfd1 Nc5 18. Nd5 Bxd5 19. cxd5 h5 20. Nd4 Rc7 21. Bb5
Qa8 22. a3 Na6 23. Nc6 Qb7 24. Qf2 Nd7 25. Nxe7+ Kh7 26. Nc6 f5 27. exf5 Rxf5
28. Nd8 Qa8 29. Ne6 Ndc5 30. Nxc7 Nxc7 31. Bc6 Qf8 32. Qd2 h4 33. b4 N5a6 34.
h3 Ne8 35. Bxb6 axb4 36. axb4 Nf6 37. b5 Nb8 38. Be3 Nh5 39. Rb4 Bf6 40. b6 Qg7
41. Ra4 Qg8 42. b7 Bd8 43. Re4 Bc7 44. Rxh4 Qd8 45. Re4 Nf6 46. Rf4 Ba5 47. Qd3
Rxf4 48. Bxf4 Nh5 49. Be3 Qf6 50. Qd4 Qf7 51. Qe4 Ng7 52. g4 Bd8 53. Ba7 Bc7
54. Re1 Na6 55. Bd4 Ba5 56. Qe7 1-0

[Event "Campeonato de España Universitario 2006"]
[Site "Madrid ESP "]
[Date "2006.05.06"]
[Round "1.13"]
[White "Massanet Massanet, Sebastian"]
[Black "Llaneza Vega, Marcos"]
[Result "0-1"]
[WhiteElo "2057"]
[BlackElo "2361"]
[PlyCount "66"]
[EventDate "2006.05.06"]
[EventType "swiss"]
[EventRounds "9"]
[EventCountry "ESP"]
[Source "lmi"]
[SourceDate "2006.05.10"]

1. e4 c5 2. Nf3 Nc6 3. d4 cxd4 4. Nxd4 Nf6 5. Nc3 e5 6. Ndb5 d6 7. Bg5 a6 8.
Na3 b5 9. Nd5 Be7 10. Bxf6 Bxf6 11. c3 Ne7 12. Nxf6+ gxf6 13. Qh5 Bb7 14. Bd3
Qb6 15. Nc2 d5 16. Qe2 f5 17. f3 O-O-O 18. Nb4 fxe4 19. fxe4 f5 20. Nxd5 Bxd5
21. exd5 e4 22. Bc2 Rxd5 23. Rd1 Rhd8 24. Rxd5 Nxd5 25. Rf1 Ne3 26. Qf2 f4 27.
Bb3 Qd6 28. Rg1 Ng4 29. Qe2 Ne5 30. Kf1 e3 31. g3 Rf8 32. gxf4 Rxf4+ 33. Kg2
Rf2+ 0-1

[Event "Campeonato de España Universitario 2006"]
[Site "Madrid ESP "]
[Date "2006.05.06"]
[Round "1.15"]
[White "Rodriguez Soler, Rafael"]
[Black "Navarro Cia, Miguel"]
[Result "0-1"]
[WhiteElo "2055"]
[BlackElo "2350"]
[PlyCount "110"]
[EventDate "2006.05.06"]
[EventType "swiss"]
[EventRounds "9"]
[EventCountry "ESP"]
[Source "lmi"]
[SourceDate "2006.05.10"]

1. d4 Nf6 2. c4 g6 3. Nc3 d5 4. Bf4 Bg7 5. Rc1 Nh5 6. Bg5 h6 7. Bh4 dxc4 8. Nf3
c6 9. e3 b5 10. a4 a6 11. Be2 O-O 12. O-O Be6 13. Nd2 Nf6 14. Nde4 Nbd7 15.
Nxf6+ Nxf6 16. Bf3 Nd5 17. Ne4 Ra7 18. Nc5 Bc8 19. Bg3 e6 20. axb5 cxb5 21. Qd2
Qb6 22. Ra1 a5 23. Bxd5 exd5 24. Ra2 b4 25. Rfa1 Be6 26. Qd1 Rc8 27. Na4 Qb5
28. Qd2 Bf8 29. h3 Kh7 30. Be5 b3 31. Ra3 Bxa3 32. Rxa3 Qb4 33. Nc3 a4 34. Qc1
Qe7 35. Qd2 f6 36. Bh2 Bf7 37. Qc1 Qd7 38. Bg3 g5 39. Qd2 Bg6 40. Qc1 Re8 41.
Qd2 Rd8 42. Bh2 Qf5 43. Bg3 Qc2 44. Qe2 Be4 45. Kh2 Rc8 46. Qh5 Qxb2 47. Rxa4
Rg7 48. Nxe4 dxe4 49. Ra6 Rf8 50. h4 Qa2 51. Re6 Qa7 52. hxg5 Rxg5 53. Qh4 Qb7
54. Bd6 Rf7 55. Be5 Rg6 0-1

[Event "Campeonato de España Universitario 2006"]
[Site "Madrid ESP "]
[Date "2006.05.06"]
[Round "2.1"]
[White "Perez Candelario, Manuel"]
[Black "Rosa Cintas, Raul"]
[Result "1-0"]
[WhiteElo "2511"]
[BlackElo "2188"]
[PlyCount "109"]
[EventDate "2006.05.06"]
[EventType "swiss"]
[EventRounds "9"]
[EventCountry "ESP"]
[Source "lmi"]
[SourceDate "2006.05.10"]

1. e4 Nf6 2. e5 Nd5 3. d4 d6 4. Nf3 Bg4 5. Be2 c6 6. O-O Bxf3 7. Bxf3 dxe5 8.
dxe5 e6 9. Re1 Nd7 10. Nd2 Qc7 11. Nc4 b5 12. Bxd5 cxd5 13. Nd6+ Bxd6 14. Qxd5
exd5 15. exd6+ Kd8 16. Bg5+ Kc8 17. dxc7 Kxc7 18. Re7 Rhf8 19. Rae1 Kc6 20. Be3
Rae8 21. Bxa7 Rxe7 22. Rxe7 Kd6 23. Re1 Ra8 24. Bd4 Rxa2 25. Bxg7 f6 26. Rb1
Ke6 27. Bh6 Nc5 28. Be3 Ne4 29. h3 Nd6 30. Bc5 Nc4 31. Bd4 Ne5 32. c3 Nc6 33.
Bc5 d4 34. cxd4 Kd5 35. b4 Rd2 36. Ra1 Nxd4 37. Ra7 Kc4 38. Rxh7 Ne2+ 39. Kh2
Nc3 40. Rh4+ Kb3 41. Rf4 Nd5 42. Rf3+ Kc4 43. h4 Nxb4 44. Bxb4 Kxb4 45. Rxf6
Kc3 46. Rc6+ Kb3 47. h5 Rxf2 48. h6 Rf7 49. g4 Rh7 50. g5 b4 51. Kg3 Ka2 52.
Ra6+ Kb2 53. Kg4 b3 54. Rb6 Kc2 55. Kh5 1-0

[Event "Campeonato de España Universitario 2006"]
[Site "Madrid ESP "]
[Date "2006.05.06"]
[Round "2.2"]
[White "Jimenez Martinez, Jose Vicente"]
[Black "Herraiz Hidalgo, Herminio"]
[Result "1-0"]
[WhiteElo "2178"]
[BlackElo "2492"]
[PlyCount "115"]
[EventDate "2006.05.06"]
[EventType "swiss"]
[EventRounds "9"]
[EventCountry "ESP"]
[Source "lmi"]
[SourceDate "2006.05.10"]

1. d4 f5 2. c4 Nf6 3. Nc3 g6 4. h4 d6 5. h5 Rg8 6. hxg6 hxg6 7. Nf3 Nc6 8. Bf4
Bg7 9. e3 e6 10. Ng5 Qe7 11. d5 Nd8 12. Qa4+ Bd7 13. Nb5 Bxb5 14. Qxb5+ c6 15.
Qa4 e5 16. Bg3 Nd7 17. O-O-O Rh8 18. Rxh8+ Bxh8 19. f4 Bf6 20. Nf3 e4 21. Nd4
c5 22. Nb5 Kf7 23. Be2 a6 24. Na3 Bg7 25. Be1 Nf6 26. Bc3 Rb8 27. Rg1 Kf8 28.
Qc2 Nf7 29. g4 b5 30. g5 Ne8 31. cxb5 Nc7 32. Bxg7+ Kxg7 33. bxa6 Nxd5 34. Bc4
Nb6 35. Qc3+ Kg8 36. Bxf7+ Qxf7 37. Rh1 Qg7 38. Qxg7+ Kxg7 39. a7 Ra8 40. Nb5
d5 41. Nc7 Rxa7 42. Ne8+ Kf8 43. Rh8+ Ke7 44. Rh7+ Kxe8 45. Rxa7 Nc4 46. Rc7
Nxe3 47. Rxc5 d4 48. a4 Ng2 49. a5 Nxf4 50. a6 Nd3+ 51. Kd2 Nxc5 52. a7 f4 53.
a8=Q+ Ke7 54. Qd5 e3+ 55. Kd1 Ne6 56. b4 f3 57. Qxf3 Nxg5 58. Qg4 1-0

[Event "Campeonato de España Universitario 2006"]
[Site "Madrid ESP "]
[Date "2006.05.06"]
[Round "2.3"]
[White "Ibarra Jerez, Jose Carlos"]
[Black "Luna Cortes, Luis"]
[Result "1-0"]
[WhiteElo "2431"]
[BlackElo "2183"]
[PlyCount "111"]
[EventDate "2006.05.06"]
[EventType "swiss"]
[EventRounds "9"]
[EventCountry "ESP"]
[Source "lmi"]
[SourceDate "2006.05.10"]

1. e4 c5 2. Nf3 e6 3. d4 cxd4 4. Nxd4 a6 5. c4 Qc7 6. a3 Nf6 7. Nc3 Be7 8. Be3
d6 9. Be2 Nbd7 10. O-O b6 11. Rc1 Bb7 12. f3 O-O 13. b4 Rac8 14. Qd2 Rfe8 15.
Rc2 Qb8 16. Na4 Bd8 17. Kh1 Bc7 18. Bg1 Qa8 19. Rfc1 Bc6 20. b5 Bb7 21. bxa6
Bxa6 22. Qb4 Rb8 23. Nc3 Nc5 24. Ncb5 Qb7 25. a4 Nfd7 26. Rd1 Ne5 27. Nb3 Nc6
28. Qa3 Red8 29. Rcd2 Bxb5 30. cxb5 Ne7 31. a5 Ra8 32. a6 Qc8 33. Nxc5 dxc5 34.
Rxd8+ Bxd8 35. Qd3 Ng6 36. Qd7 Nf8 37. Qxc8 Rxc8 38. e5 g5 39. f4 Bc7 40. a7
Ra8 41. Ra1 Bb8 42. axb8=Q Rxb8 43. fxg5 Ng6 44. Bf2 Rd8 45. Bg3 Rd2 46. Bf3
Rb2 47. Bc6 Ne7 48. h4 Nd5 49. h5 Kg7 50. Re1 Nc3 51. Rf1 Nxb5 52. Be8 Nd4 53.
Rxf7+ Kg8 54. Rc7 Kf8 55. g6 hxg6 56. h6 1-0

[Event "Campeonato de España Universitario 2006"]
[Site "Madrid ESP "]
[Date "2006.05.06"]
[Round "2.4"]
[White "Chalmeta Ugas, Ramon"]
[Black "Reinaldo Castiñeira, Roi"]
[Result "1-0"]
[WhiteElo "2177"]
[BlackElo "2441"]
[PlyCount "67"]
[EventDate "2006.05.06"]
[EventType "swiss"]
[EventRounds "9"]
[EventCountry "ESP"]
[Source "lmi"]
[SourceDate "2006.05.10"]

1. e4 c5 2. Nf3 d6 3. Bb5+ Bd7 4. Bxd7+ Nxd7 5. O-O g6 6. c3 Bg7 7. d4 Ngf6 8.
Qe2 e6 9. Rd1 Qc7 10. d5 O-O 11. dxe6 fxe6 12. c4 Ne5 13. Nxe5 dxe5 14. Nc3 a6
15. Bg5 Nh5 16. g3 h6 17. Be3 Nf6 18. Rd2 Qc6 19. Rad1 Nxe4 20. Nxe4 Qxe4 21.
Bxc5 Qxe2 22. Rxe2 Rfc8 23. b4 b6 24. Bxb6 Rxc4 25. Bc5 a5 26. a3 a4 27. Rd6
Rc3 28. Re3 Rb3 29. Rxe6 h5 30. Rxg6 Kh7 31. Rb6 Bh6 32. Rxe5 Bc1 33. Re7+ Kg8
34. Rg6+ 1-0

[Event "Campeonato de España Universitario 2006"]
[Site "Madrid ESP "]
[Date "2006.05.06"]
[Round "2.5"]
[White "Llanes Hurtado, Miguel"]
[Black "Vidal del Rio, Manuel"]
[Result "1-0"]
[WhiteElo "2435"]
[BlackElo "2178"]
[PlyCount "25"]
[EventDate "2006.05.06"]
[EventType "swiss"]
[EventRounds "9"]
[EventCountry "ESP"]
[Source "lmi"]
[SourceDate "2006.05.10"]

1. d4 Nf6 2. c4 e5 3. dxe5 Ng4 4. e3 Nxe5 5. Nh3 d6 6. Nf4 Ng6 7. Nh5 Ne5 8.
Be2 Nbd7 9. O-O Nf6 10. Nxf6+ Qxf6 11. Nc3 c6 12. e4 Be6 13. f4 1-0

[Event "Campeonato de España Universitario 2006"]
[Site "Madrid ESP "]
[Date "2006.05.06"]
[Round "2.6"]
[White "Franco Alonso, Alejandro"]
[Black "Villar Nieves, Antonio"]
[Result "1-0"]
[WhiteElo "2421"]
[BlackElo "2177"]
[PlyCount "62"]
[EventDate "2006.05.06"]
[EventType "swiss"]
[EventRounds "9"]
[EventCountry "ESP"]
[Source "lmi"]
[SourceDate "2006.05.10"]

1. d4 Nf6 2. c4 e5 3. dxe5 Ng4 4. e3 Nxe5 5. Nh3 Ng6 6. g3 d6 7. Bg2 c6 8. Nc3
Be7 9. O-O Be6 10. b3 Qd7 11. Nf4 Nxf4 12. exf4 Na6 13. Ba3 Rd8 14. Qc2 O-O 15.
Be4 f5 16. Bg2 Nc7 17. Rad1 d5 18. cxd5 Bxa3 19. dxe6 Qxe6 20. Rfe1 Rxd1 21.
Rxd1 Be7 22. Bf1 Kh8 23. Na4 b6 24. Rc1 c5 25. b4 Nd5 26. bxc5 Rc8 27. Qb3 Bxc5
28. Nxc5 Rxc5 29. Rxc5 bxc5 30. Qb8+ Qg8 31. Qxg8+ Kxg8 1-0

[Event "Campeonato de España Universitario 2006"]
[Site "Madrid ESP "]
[Date "2006.05.06"]
[Round "2.8"]
[White "Gonzalez Menendez, Ivan"]
[Black "Paredes Cordo, Jacobo Borja"]
[Result "1/2-1/2"]
[WhiteElo "2413"]
[BlackElo "2177"]
[PlyCount "60"]
[EventDate "2006.05.06"]
[EventType "swiss"]
[EventRounds "9"]
[EventCountry "ESP"]
[Source "lmi"]
[SourceDate "2006.05.10"]

1. e4 c5 2. Nc3 e6 3. Nf3 a6 4. d4 cxd4 5. Nxd4 Nc6 6. Be2 Qc7 7. Be3 Nf6 8.
O-O Bb4 9. Na4 Be7 10. Nxc6 bxc6 11. Nb6 Rb8 12. Nxc8 Qxc8 13. e5 Nd5 14. Bc1
Bc5 15. c4 Ne7 16. Bd3 Ng6 17. Qh5 O-O 18. Kh1 Bd4 19. Rb1 Qc7 20. f4 f5 21.
exf6 Rxf6 22. f5 exf5 23. Bg5 Rf7 24. Bxf5 Rbf8 25. Bd3 Rxf1+ 26. Rxf1 Rxf1+
27. Bxf1 Qe5 28. h4 Bxb2 29. Qe2 h6 30. Qxe5 Bxe5 1/2-1/2

[Event "Campeonato de España Universitario 2006"]
[Site "Madrid ESP "]
[Date "2006.05.06"]
[Round "2.9"]
[White "Prol Nogueira, Iago"]
[Black "Baron Rodriguez, Jesus"]
[Result "0-1"]
[WhiteElo "2165"]
[BlackElo "2402"]
[PlyCount "54"]
[EventDate "2006.05.06"]
[EventType "swiss"]
[EventRounds "9"]
[EventCountry "ESP"]
[Source "lmi"]
[SourceDate "2006.05.10"]

1. e4 e6 2. d3 d5 3. Qe2 Nf6 4. Nf3 Be7 5. g3 b6 6. Bg2 Bb7 7. e5 Nfd7 8. h4 h6
9. Bf4 c5 10. O-O g5 11. hxg5 hxg5 12. Bc1 Nc6 13. Re1 g4 14. Nh2 Ndxe5 15.
Nxg4 Ng6 16. c3 Qd7 17. Nh6 Rh7 18. Ng8 O-O-O 19. Nxe7+ Qxe7 20. Nd2 e5 21. Nf3
f6 22. Nh2 Kb8 23. Nf1 d4 24. Be4 dxc3 25. bxc3 f5 26. Bg2 Rdh8 27. Ne3 Nd4 0-1

[Event "Campeonato de España Universitario 2006"]
[Site "Madrid ESP "]
[Date "2006.05.06"]
[Round "2.10"]
[White "Martinez Martin, David"]
[Black "Gomez Peco, Pablo"]
[Result "1-0"]
[WhiteElo "2397"]
[BlackElo "2174"]
[PlyCount "63"]
[EventDate "2006.05.06"]
[EventType "swiss"]
[EventRounds "9"]
[EventCountry "ESP"]
[Source "lmi"]
[SourceDate "2006.05.10"]

1. d4 c6 2. e4 d5 3. e5 Bf5 4. Nc3 e6 5. g4 Bg6 6. Nge2 Qh4 7. Ng3 Bb4 8. Be3
h5 9. gxh5 Bxh5 10. Nxh5 Qxh5 11. Be2 Qh4 12. Qd2 Qd8 13. a3 Qa5 14. O-O Bxc3
15. bxc3 Ne7 16. Rab1 Qc7 17. c4 dxc4 18. Bxc4 Nd7 19. Be2 Rd8 20. Qb4 b6 21.
Rfd1 c5 22. dxc5 Nd5 23. Rxd5 exd5 24. cxb6 axb6 25. Bb5 Qxc2 26. Bg5 Qc5 27.
Qg4 f6 28. Be3 Qc7 29. Qxg7 Rf8 30. exf6 Qe5 31. Bxd7+ Rxd7 32. f7+ 1-0

[Event "Campeonato de España Universitario 2006"]
[Site "Madrid ESP "]
[Date "2006.05.06"]
[Round "2.11"]
[White "Gonzalez Merino, Francisco"]
[Black "Baches Garcia, Guillermo"]
[Result "0-1"]
[WhiteElo "2159"]
[BlackElo "2379"]
[PlyCount "98"]
[EventDate "2006.05.06"]
[EventType "swiss"]
[EventRounds "9"]
[EventCountry "ESP"]
[Source "lmi"]
[SourceDate "2006.05.10"]

1. Nf3 d5 2. g3 Nc6 3. d4 Bf5 4. Bg2 Nb4 5. Na3 e6 6. Bf4 Nf6 7. c3 Na6 8. Ne5
c6 9. O-O Nc7 10. Qb3 Rb8 11. c4 Bd6 12. Qa4 a6 13. Rac1 O-O 14. f3 h6 15. Rfe1
Bh7 16. e4 Be7 17. cxd5 exd5 18. Nd3 Re8 19. Be5 Rc8 20. Nc5 Bxc5 21. Rxc5 Nd7
22. Bxc7 Nxc5 23. Qa5 Rxc7 24. Qxc5 Qe7 25. Qb6 Rd7 26. e5 Qd8 27. Qc5 Qc7 28.
Rc1 Rde7 29. f4 Qd7 30. Nb1 Bxb1 31. Rxb1 Qf5 32. Rd1 h5 33. h4 Re6 34. Kh2 Rg6
35. Bf3 Ree6 36. a3 Rxg3 37. Kxg3 Rg6+ 38. Kf2 Qxf4 39. Qc1 Qxh4+ 40. Ke3 Rg3
41. Rf1 Qe4+ 42. Kd2 Rxf3 43. Rxf3 Qxf3 44. Qg1 Qf4+ 45. Kc2 h4 46. e6 fxe6 47.
Kd1 g5 48. Qe1 Qxd4+ 49. Kc1 Qf4+ 0-1

[Event "Campeonato de España Universitario 2006"]
[Site "Madrid ESP "]
[Date "2006.05.06"]
[Round "2.12"]
[White "Llaneza Vega, Marcos"]
[Black "Aparicio Garcia, Enrique"]
[Result "1-0"]
[WhiteElo "2361"]
[BlackElo "2163"]
[PlyCount "61"]
[EventDate "2006.05.06"]
[EventType "swiss"]
[EventRounds "9"]
[EventCountry "ESP"]
[Source "lmi"]
[SourceDate "2006.05.10"]

1. e4 e5 2. Nf3 d6 3. d4 Nd7 4. Bc4 c6 5. O-O Be7 6. c3 Ngf6 7. dxe5 dxe5 8.
Qb3 O-O 9. Rd1 b5 10. Be2 Qc7 11. Nbd2 Nc5 12. Qc2 Bg4 13. b4 Ne6 14. Nb3 Rfd8
15. Be3 h6 16. h3 Bh5 17. a4 Rxd1+ 18. Bxd1 a6 19. Be2 Bxf3 20. Bxf3 Nd7 21.
Bg4 Ndf8 22. Be2 Rd8 23. axb5 cxb5 24. Rxa6 Bxb4 25. Bb6 Qxc3 26. Qxc3 Bxc3 27.
Bxd8 Nxd8 28. Bxb5 Nde6 29. Bc4 Nc7 30. Rc6 Nfe6 31. Bxe6 1-0